| 000 | 01073nam a22002777a 4500 | ||
|---|---|---|---|
| 999 |
_c14368 _d14368 |
||
| 003 | EG-ScBUE | ||
| 005 | 20210128114443.0 | ||
| 008 | 100704s19uu ua f 000 1 eng d | ||
| 040 |
_aEG-ScBUE _bara _erda _cEG-ScBUE _dEG-ScBUE |
||
| 041 | 1 |
_aara _heng |
|
| 082 | 0 | 4 |
_a813 _bو س ت _222 |
| 100 | 1 |
_915839 _aوستر، أوين، _d1860-1938، _eمؤلف. |
|
| 245 | 1 | 0 |
_aابن فرجينيا / _cتأليف أوين وستر ؛ ترجمة الدكتور محمد عوض محمد. |
| 264 | 1 |
_aالقاهرة : _bدار المعارف, _c[19؟؟] |
|
| 300 |
_a460 صفحة ؛ _c25 سم |
||
| 336 |
_2rdacontent _aنص _btxt |
||
| 337 |
_2rdamedia _aبدون وسيط _bn |
||
| 338 |
_2rdacarrier _aمجلد _bnc |
||
| 546 | _aالنص باللغة العربية وتم ترجمته من اللغة الإنجليزية. | ||
| 650 | 7 |
_915847 _aالقصص الأمريكية. _yقرن 20. _2BUEsh |
|
| 651 | _2BUEsh | ||
| 653 |
_bARALIT _cJanuary2021 |
||
| 655 |
_vReading book _934232 |
||
| 700 | 1 |
_915848 _aمحمد، محمد عوض، _eمترجم. |
|
| 942 |
_2ddc _cBB |
||